U.S. States On the Mississippi River - Statistics

General Stats
  • This quiz has been taken 15 times
  • The average score is 9 of 10
Answer Stats
State % Correct
Arkansas
93%
Iowa
93%
Minnesota
93%
Mississippi
93%
Missouri
93%
Illinois
86%
Louisiana
86%
Wisconsin
79%
Kentucky
71%
Tennessee
71%
No matching quizzes found
Score Distribution
Percent of People with Each Score
Percentile by Number Answered
Your Score History
You have not taken this quiz